<?xml version="1.0" encoding="UTF-8"?>
<record
    xmlns:xsi="http://www.w3.org/2001/XMLSchema-instance"
    xsi:schemaLocation="http://www.loc.gov/MARC21/slim http://www.loc.gov/standards/marcxml/schema/MARC21slim.xsd"
    xmlns="http://www.loc.gov/MARC21/slim">

  <leader>02344cam a2200313 a 4500</leader>
  <controlfield tag="001">17966437</controlfield>
  <controlfield tag="005">20201128021232.0</controlfield>
  <controlfield tag="008">131205t2013    moua   frb    001 0 eng d</controlfield>
  <datafield tag="020" ind1=" " ind2=" ">
    <subfield code="a">9780323287883 (pbk. : alk. paper)</subfield>
  </datafield>
  <datafield tag="020" ind1=" " ind2=" ">
    <subfield code="a">0323287883 (pbk. : alk. paper)</subfield>
  </datafield>
  <datafield tag="040" ind1=" " ind2=" ">
    <subfield code="a">DNLM/DLC</subfield>
    <subfield code="c">DLC</subfield>
    <subfield code="d">DLC</subfield>
    <subfield code="d">EG-ScBUE</subfield>
  </datafield>
  <datafield tag="082" ind1="0" ind2="0">
    <subfield code="a">616.890231</subfield>
    <subfield code="b">VAR</subfield>
    <subfield code="2">22</subfield>
  </datafield>
  <datafield tag="100" ind1="1" ind2=" ">
    <subfield code="a">Varcarolis, Elizabeth M.</subfield>
    <subfield code="9">36308</subfield>
  </datafield>
  <datafield tag="245" ind1="1" ind2="0">
    <subfield code="a">Essentials of psychiatric mental health nursing :</subfield>
    <subfield code="b">a communication approach to evidence-based care /</subfield>
    <subfield code="c">Elizabeth M. Varcarolis.</subfield>
  </datafield>
  <datafield tag="250" ind1=" " ind2=" ">
    <subfield code="a">2nd ed., revised reprint.</subfield>
  </datafield>
  <datafield tag="260" ind1=" " ind2=" ">
    <subfield code="a">Missouri :</subfield>
    <subfield code="b">Elsevier / Saunders,</subfield>
    <subfield code="c">c.2013.</subfield>
  </datafield>
  <datafield tag="300" ind1=" " ind2=" ">
    <subfield code="a">xxv, 606 p. :</subfield>
    <subfield code="b">ill. (col.) ;</subfield>
    <subfield code="c">26 cm.</subfield>
  </datafield>
  <datafield tag="500" ind1=" " ind2=" ">
    <subfield code="a">Includes appendixes.</subfield>
  </datafield>
  <datafield tag="500" ind1=" " ind2=" ">
    <subfield code="a">Index : p. 585-606.</subfield>
  </datafield>
  <datafield tag="504" ind1=" " ind2=" ">
    <subfield code="a">Includes bibliographical references.</subfield>
  </datafield>
  <datafield tag="505" ind1="0" ind2=" ">
    <subfield code="a">Practicing the science and the art of psychiatric nursing -- Mental health and mental illness -- Theories and therapies / Margaret Jordan Halter -- Biological basis for understanding psychopharmacology / Dorothy A. Varchol -- Settings for psychiatric care / Margaret Jordan Halter -- Legal and ethical basis for practice / Penny Simpson Brooke -- Nursing process and QSEN: the foundation for safe and effective care -- Communication skills: medium for all nursing practice -- Therapeutic relationships and the clinical interview -- Stress and stress-related disorders -- Anxiety, anxiety disorders, and obsessive-compulsive disorders -- Somatic symptom disorders and related disorders -- Personality disorders -- Eating disorders / Kathleen Ibrahim -- Mood disorders: depression -- Bipolar and related disorders -- Schizophrenia spectrum disorders and other psychotic disorders -- Neurocognitive disorders -- Substance-related and addictive disorders -- Crisis and mass disaster -- Child, partner, and elder violence -- Sexual violence -- Suicidal thoughts and behaviors -- Anger, aggression, and violence -- Care for the dying and those who grieve / Kathy Kramer-Howe -- Children and adolescents -- Adults / Edward A Herzog -- Older adults.</subfield>
  </datafield>
  <datafield tag="650" ind1=" " ind2="7">
    <subfield code="a">Psychiatric nursing</subfield>
    <subfield code="2">BUEsh</subfield>
    <subfield code="9">36309</subfield>
  </datafield>
  <datafield tag="650" ind1=" " ind2="7">
    <subfield code="a">Evidence-based nursing</subfield>
    <subfield code="9">27247</subfield>
    <subfield code="v">BUEsh</subfield>
    <subfield code="2">BUEsh</subfield>
  </datafield>
  <datafield tag="650" ind1=" " ind2="7">
    <subfield code="a">Nursing</subfield>
    <subfield code="9">2162</subfield>
    <subfield code="v">BUEsh</subfield>
    <subfield code="2">BUEsh</subfield>
  </datafield>
  <datafield tag="651" ind1=" " ind2=" ">
    <subfield code="2">BUEsh</subfield>
  </datafield>
  <datafield tag="653" ind1=" " ind2=" ">
    <subfield code="b">NNUR</subfield>
    <subfield code="c">April2015</subfield>
  </datafield>
  <datafield tag="655" ind1=" " ind2=" ">
    <subfield code="v">reading book</subfield>
    <subfield code="9">34232</subfield>
  </datafield>
  <datafield tag="942" ind1=" " ind2=" ">
    <subfield code="2">ddc</subfield>
    <subfield code="k">616.890231 VAR</subfield>
  </datafield>
  <datafield tag="999" ind1=" " ind2=" ">
    <subfield code="c">19199</subfield>
    <subfield code="d">19171</subfield>
  </datafield>
  <datafield tag="952" ind1=" " ind2=" ">
    <subfield code="0">0</subfield>
    <subfield code="1">0</subfield>
    <subfield code="2">ddc</subfield>
    <subfield code="4">0</subfield>
    <subfield code="7">0</subfield>
    <subfield code="8">&#x627;&#x64A;&#x645;&#x643;</subfield>
    <subfield code="a">MAIN</subfield>
    <subfield code="b">MAIN</subfield>
    <subfield code="c">1ST</subfield>
    <subfield code="d">2015-04-20</subfield>
    <subfield code="e">purchase</subfield>
    <subfield code="g">488.00</subfield>
    <subfield code="h">2446</subfield>
    <subfield code="l">5</subfield>
    <subfield code="m">46</subfield>
    <subfield code="o">616.890231 VAR</subfield>
    <subfield code="p">000038023</subfield>
    <subfield code="r">2025-07-15 00:00:00</subfield>
    <subfield code="s">2017-09-06</subfield>
    <subfield code="v">610.00</subfield>
    <subfield code="y">BB</subfield>
  </datafield>
  <datafield tag="952" ind1=" " ind2=" ">
    <subfield code="0">0</subfield>
    <subfield code="1">0</subfield>
    <subfield code="2">ddc</subfield>
    <subfield code="4">0</subfield>
    <subfield code="7">0</subfield>
    <subfield code="8">&#x627;&#x64A;&#x645;&#x643;</subfield>
    <subfield code="a">MAIN</subfield>
    <subfield code="b">MAIN</subfield>
    <subfield code="c">1ST</subfield>
    <subfield code="d">2015-04-20</subfield>
    <subfield code="e">purchase</subfield>
    <subfield code="g">488.00</subfield>
    <subfield code="h">2446</subfield>
    <subfield code="l">7</subfield>
    <subfield code="m">42</subfield>
    <subfield code="o">616.890231 VAR</subfield>
    <subfield code="p">000038024</subfield>
    <subfield code="r">2025-07-15 00:00:00</subfield>
    <subfield code="s">2018-05-10</subfield>
    <subfield code="v">610.00</subfield>
    <subfield code="y">BB</subfield>
  </datafield>
</record>
